Catalog

Record Details

Catalog Search



Available copies

  • 2 of 2 copies available at LARL/NWRL Consortium.
  • 2 of 2 copies available at Lake Agassiz Regional Library. (Show preferred library)

Current holds

0 current holds with 2 total copies.

Show Only Available Copies
Location Call Number / Copy Notes Barcode Shelving Location Status Due Date
Mahnomen Public Library M CLA (Text) 33500013324967 Main Available -
Rothsay LINK Site M CLA (Text) 33500013324975 Main Available -

Record details

  • ISBN: 9780727890450
  • ISBN: 072789045X
  • Physical Description: 250 pages ; 23 cm.
  • Edition: First world edition.
  • Publisher: London : Severn House, 2020.

Content descriptions

Summary, etc.:
"London, 1881. Lily Raynor, owner of the World's ... Read More
Subject: Women private investigators > England > London > Fiction.
Boarding schools > England > Fiction.
Missing persons > Fiction.
Criminal investigation > Fiction.
Conspiracies > Fiction.
London (England) > History > 19th century > Fiction.
Great Britain > Social conditions > 19th century > Fiction.
Social conditions.
Great Britain.
Genre: Detective and mystery fiction.
Fiction.
Detective and mystery fiction.
Historical fiction.
LDR 02945cam a22005658i 4500
001348716
003LARL_NWRL_CONSORTIUM
00520210111172220.0
008200507s2020 enk 000 f eng d
040 . ‡aUKMGB ‡beng ‡erda ‡cUKMGB ‡dYDX ‡dBDX ‡dOCLCF ‡dOCLCO ‡dNZAUC ‡dRB0 ‡dOCLCO ‡dSINLB ‡dMZG
015 . ‡aGBC084572 ‡2bnb
0167 . ‡a019841453 ‡2Uk
019 . ‡a1153656336
020 . ‡a9780727890450 ‡qhardcover
020 . ‡a072789045X ‡qhardcover
035 . ‡a(OCoLC)1173552476 ‡z(OCoLC)1153656336
08204. ‡a823.92 ‡223
1001 . ‡aClare, Alys, ‡eauthor. ‡0(LARL_NWRL_CONSORTIUM)135440
24514. ‡aThe outcast girls / ‡cAlys Clare.
250 . ‡aFirst world edition.
264 1. ‡aLondon : ‡bSevern House, ‡c2020.
300 . ‡a250 pages ; ‡c23 cm.
336 . ‡atext ‡2rdacontent
337 . ‡aunmediated ‡2rdamedia
338 . ‡avolume ‡2rdacarrier
4900 . ‡aWorld's End Bureau victorian ; ‡v2
520 . ‡a"London, 1881. Lily Raynor, owner of the World's End Investigation Bureau, is growing increasingly worried. Work is drying up, finances are tight and she cannot find enough for her sole employee, Felix Wilbraham, to do. So when schoolteacher Georgiana Long arrives, with a worrying tale of runaway pupils, it seems like the answer to her prayers. The case is an interesting one, and what could be less perilous than a trip to a girls' boarding school, out in the Fens? Disguised as the new Assistant Matron, Lily joins the Shardlowes School staff, while Felix - suppressing his worries about his cool, calm employer - remains behind. But there are undercurrents at Shardlowes, and the shadowy, powerful men who fund the school's less fortunate pupils loom larger as Felix's own investigations unfold. Felix can't shake off his fear that Lily is in danger - and soon, his premonitions come frighteningly true . . ."--Provided by publisher.
650 0. ‡aWomen private investigators ‡zEngland ‡zLondon ‡vFiction.
650 0. ‡aBoarding schools ‡zEngland ‡vFiction.
650 0. ‡aMissing persons ‡vFiction. ‡0(LARL_NWRL_CONSORTIUM)165976
650 0. ‡aCriminal investigation ‡vFiction.
650 0. ‡aConspiracies ‡vFiction. ‡0(LARL_NWRL_CONSORTIUM)164235
651 0. ‡aLondon (England) ‡xHistory ‡y19th century ‡vFiction.
651 0. ‡aGreat Britain ‡xSocial conditions ‡y19th century ‡vFiction.
650 7. ‡aSocial conditions. ‡2fast ‡0(LARL_NWRL_CONSORTIUM)177059
651 7. ‡aGreat Britain. ‡2fast ‡0(LARL_NWRL_CONSORTIUM)55777
648 7. ‡a1800-1899 ‡2fast
655 7. ‡aDetective and mystery fiction. ‡2fast
655 7. ‡aFiction. ‡2fast
655 7. ‡aDetective and mystery fiction. ‡2lcgft
655 7. ‡aHistorical fiction. ‡2lcgft
901 . ‡a348716 ‡bOCoLC ‡c348716 ‡tbiblio ‡soclc

Additional Resources